000 00357nam a2200157 4500
003 macl
005 20190326151930.0
008 190326b xxu||||| |||| 00| 0 eng d
040 _cmacl
082 _a821
100 _aMohani,phani
_973947
245 _aThe hunt
260 _aNew delhi
_bSahtiya akedmi
_c2016
650 _aPoem
_927793
942 _2ddc
_cBK
999 _c59123
_d59123